Представление документа в формате RUSMARC

ПолеНазваниеЗначение
  Тип записи a
  Библиографический уровень m
001 Контрольный номер RU/IS/BASE/412341344
005 Дата корректировки 20201206204844.5
010 Индекс ISBN __
d Цена 100-00
101 Язык документа 0_
a Язык текста rus
200 Заглавие и сведения об ответственности 1_
a Заглавие Сургутское управление технологического транспорта № 3
e Сведения, относящиеся к заглавию 30 лет
f Первые сведения об ответственности ОАО "Сургутнефтегаз" ; [авт. текста А. Петрова ; фото М. Андреев, В. Видяйкин ; дизайн А. Просвирина]
b Общее обозначение материала Текст
210 Выходные данные __
a Место издания Сургут
c Издательство Нефть Приобья
d Дата издания 2012
215 Физическое описание __
a Объем 24 с.
c Иллюстрации/тип воспроизводства фотоил.
300 Общие примечания __
a Общие примечания Обязат. экз. (2013)
330 Аннотация __
a Аннотация За тридцатилетнюю деятельность структурное подразделение зарекомендовало себя как надежное предприятие акционерного общества с крепким трудовым коллективом, который обеспечивает высокий уровень транспортных услуг.
601 Наименование организации как предмет __
a Наименование организации как предмет СУТТ № 3
601 Наименование организации как предмет __
a Наименование организации как предмет УТТ-3
601 Наименование организации как предмет __
a Наименование организации как предмет Сургутское управление технологического транспорта № 3
601 Наименование организации как предмет __
a Наименование организации как предмет ОАО "Сургутнефтегаз"
606 Тематические рубрики __
a Основная рубрика Экономика
606 Тематические рубрики __
a Основная рубрика Экономика топливной промышленности
610 Ключевые слова __
a Ключевые слова технологический транспорт; грузовые перевозки; нефтяная промышленность; транспорт; предприятия; грузоперевозки; транспортные предприятия; история предприятий
686 Индексы других классификаций __
a Классификационный индекс К65.305.143(2Рос-6Хан); стК65.3(2Рос-6Хан)
702 Вторичная интеллектуальная ответственность _1
a Фамилия Петрова
b Имя А.
4 Код отношения Автор текста
4 Код отношения 070
702 Вторичная интеллектуальная ответственность _1
a Фамилия Андреев
b Имя М.
4 Код отношения Фотограф
4 Код отношения 600
702 Вторичная интеллектуальная ответственность _1
a Фамилия Видяйкин
b Имя В.
4 Код отношения Фотограф
4 Код отношения 600
702 Вторичная интеллектуальная ответственность _1
a Фамилия Просвирина
b Имя А.
4 Код отношения Дизайн
4 Код отношения 570
801 Источник записи _0
a Страна RU
b Организация Муниципальное бюджетное учреждение культуры "Централизованная библиотечная система" г. Сургут (Центральная городская библиотека им. А. С. Пушкина)
g Правила каталогизации КиК/Елгина
801 Источник записи _1
a Страна RU
b Организация Муниципальное бюджетное учреждение культуры "Централизованная библиотечная система" г. Сургут (Центральная городская библиотека им. А. С. Пушкина)
g Правила каталогизации КиК/Елгина
852 Данные о местонахождении __
j Шифр хранения К65.305.143(2Рос-6Хан)
i Авторский знак С 90
901 Тип документа __
t Тип документа m
903 Характеристики (МАРС) __
a Дата передачи 20130124
969 Тип издания __
a Тип издания проспект
990 Данные о заказе (DOS) __
j Количество экземпляров (DOS) 3
h N записи в КСУ для Б/У (DOS) 201302